| 000 | 00848cab a2200253 4500 | ||
|---|---|---|---|
| 001 | WB3110-30 | ||
| 008 | 090401t1995 xxu||||| |||| 00| 0 eng d | ||
| 035 | _a(Sirsi) u22647 | ||
| 041 | _aeng | ||
| 245 | _aSecure housing approved | ||
| 260 | _c1995 | ||
| 350 | _a0 | ||
| 490 |
_aTimes _v7 March 1995, 5 |
||
| 490 |
_aDaily Telegraph _v7 March 1995, 2(1) |
||
| 520 | _aA high-security housing scheme has been approved in Dundee for problem families, homeless through breaching other tenancy agreements. Plans include a 6ft perimeter fence around the tenement block, monitoring cameras and 24 hour supervision by counsellors. | ||
| 650 | _aDUNDEE DC | ||
| 650 | _aDUNDEE | ||
| 650 | _aNCH ACTION FOR CHILDREN | ||
| 650 | _aSECURE HOUSING | ||
| 690 | _aECONOMIC AND SOCIAL | ||
| 690 | _aHOUSING | ||
| 942 | _n0 | ||
| 948 | _c04/03/1997 | ||
| 999 |
_c15180 _d15180 |
||